| 000 | 00552nam a2200169 i 4500 | ||
|---|---|---|---|
| 001 | 71139 | ||
| 003 | ES-MaACL | ||
| 005 | 20230906171032.0 | ||
| 007 | t| | ||
| 008 | 040805s1918 fr ||||1| fre d | ||
| 100 | 1 |
_aGauguin, Paul. _956001 |
|
| 245 | 1 | 0 |
_aLettres de Paul Gauguin a Georges-Daniel de Monfreid / _cPaul Gauguin ; précédées d'un hommage par Victor Segalen. |
| 260 |
_aParis : _bZurich, _c1918 ( _eAlençon : _fGeo. Import.) |
||
| 300 |
_a357 p., 8 lám. ; _c18 cm. |
||
| 700 | 1 |
_aSegalen, Victor. _9105113 |
|
| 852 |
_aES-MaACL _jF-10578 |
||
| 999 |
_c71139 _d71139 |
||